| 000 | 00651nam a2200205 i 4500 | ||
|---|---|---|---|
| 001 | 21032 | ||
| 003 | ES-MaACL | ||
| 005 | 20230906152415.0 | ||
| 007 | t| | ||
| 008 | 021120s1901 sp |||| | spa d | ||
| 100 | 1 |
_aAlas, Leopoldo, _d1852-1901 _9226375 |
|
| 245 | 1 | 3 |
_aEl gallo de Sócrates _b: colección de cuentos / _cLeopoldo Alas (Clarín). |
| 260 |
_aBarcelona : _bMaucci, _c1901. |
||
| 300 |
_a213 p. ; _c18 cm. |
||
| 530 | _aDisponible en formato digital. | ||
| 852 |
_aES-MaACL _jB-3119 |
||
| 856 |
_uhttp://bdh-rd.bne.es/viewer.vm?id=0000245447&page=1 _zBiblioteca Digital Hispánica |
||
| 942 | _2udc | ||
| 999 |
_c21032 _d21032 |
||